Thin best laid plans (Record no. 75272)

MARC details
000 -LEADER
fixed length control field 00697cab a2200169 4500
001 - CONTROL NUMBER
control field L129785
008 - FIXED-LENGTH DATA ELEMENTS--GENERAL INFORMATION
fixed length control field 050519n2005 000 0 eng u
035 ## - SYSTEM CONTROL NUMBER
System control number (Sirsi) u129785
041 ## - LANGUAGE CODE
Language code of text/sound track or separate title eng
100 ## - MAIN ENTRY--PERSONAL NAME
Personal name Hudghton, Roy
245 ## - TITLE STATEMENT
Title Thin best laid plans
260 ## - PUBLICATION, DISTRIBUTION, ETC.
Date of publication, distribution, etc. 2005
490 ## - SERIES STATEMENT
Series statement Journal of the Law Society of Scotland
Volume/sequential designation 50(4) April 2005, 56-57(2)
520 ## - SUMMARY, ETC.
Summary, etc. Warns that demands from purchasers, lenders and solicitors that business valuations be carried out quickly and cheaply often prove a false economy and callers for valuers to be involved through out the negotiation process.
690 ## - LOCAL SUBJECT ADDED ENTRY--TOPICAL TERM (OCLC, RLIN)
Topical term or geographic name as entry element PROPERTY-COMMERCIAL PROPERTY-COMMERCIAL PROPERTY APPRAISAL AND VALUATION
942 ## - ADDED ENTRY ELEMENTS (KOHA)
Suppress in OPAC 0
Holdings
Withdrawn status Lost status Source of classification or shelving scheme Damaged status Not for loan Home library Current library Shelving location Date acquired Total Checkouts Full call number Barcode Date last seen Copy number Price effective from Koha item type
    Dewey Decimal Classification     London London Journal article 19/05/2005   L129785 129785-1001 06/08/2019 1 06/08/2019 Journal article